В лесу (Запись № 11979944)
[ простой вид ]
| 000 -МАРКЕР | |
|---|---|
| контрольное поле | 01865nam0a2200409 4500 |
| 001 - ИДЕНТИФИКАТОР ЗАПИСИ | |
| контрольное поле | RU\NLR\BIBL_A\012451945 |
| 005 - ИДЕНТИФИКАТОР ВЕРСИИ | |
| контрольное поле | 20260608064214.0 |
| 010 ## - МЕЖДУНАРОДНЫЙ СТАНДАРТНЫЙ НОМЕР КНИГИ (ISBN) | |
| Номер (ISBN) | 978-5-353-09449-4 |
| Тираж | 3000 |
| 021 ## - НОМЕР ГОСУДАРСТВЕННОЙ РЕГИСТРАЦИИ | |
| Код страны | Российская Федерация |
| Номер | КН-П-20-062435 |
| Номер Листа государственной регистраци | КН-П-20-4691 |
| 035 ## - ДРУГИЕ СИСТЕМНЫЕ НОМЕРА | |
| Идентификатор записи | (NLR Aleph) 012451945 |
| 035 ## - ДРУГИЕ СИСТЕМНЫЕ НОМЕРА | |
| Идентификатор записи | (RuMoRGB)010445774 |
| 100 ## - ДАННЫЕ ОБЩЕЙ ОБРАБОТКИ | |
| Данные общей обработки | 20210212d2020 u y0rusy50 ca |
| 101 1# - ЯЗЫК РЕСУРСА | |
| Язык текста, звукозаписи и т.д. | русский |
| Язык оригинала | не определено |
| 102 ## - СТРАНА ПУБЛИКАЦИИ ИЛИ ПРОИЗВОДСТВА | |
| Страна публикации | Российская Федерация |
| 105 ## - ПОЛЕ КОДИРОВАННЫХ ДАННЫХ: ТЕКСТОВЫЕ МАТЕРИАЛЫ, МОНОГРАФИЧЕСКИЕ | |
| Кодированные данные о монографическом текстовом документе | a|||zzzz000gy |
| 181 #0 - ПОЛЕ КОДИРОВАННЫХ ДАННЫХ: ВИД СОДЕРЖАНИЯ | |
| Код вида содержания (ISBD) | i |
| Код характеристики содержания (ISBD) | axxe |
| 182 #0 - ПОЛЕ КОДИРОВАННЫХ ДАННЫХ: ТИП СРЕДСТВА | |
| Код типа средства (ISBD) | n - непосредственное |
| 200 1# - ЗАГЛАВИЕ И СВЕДЕНИЯ ОБ ОТВЕТСТВЕННОСТИ | |
| Основное заглавие | В лесу |
| Сведения, относящиеся к заглавию | стихозооконструктор |
| -- | 225 реальных и нереальных животных |
| -- | [для чтения взрослыми детям |
| -- | для детей до 3 лет] |
| Первые сведения об ответственности | написал Василий Федиенко |
| Последующие сведения об ответственности | перевела Юлия Симбирская |
| -- | нарисовала Любовь Ерёмина |
| 203 ## - ВИД СОДЕРЖАНИЯ И ТИП СРЕДСТВА | |
| Вид содержания | Текст |
| Дополнительные сведения об издании | визуальный |
| Тип средства | непосредственный |
| 210 ## - ПУБЛИКАЦИЯ, РАСПРОСТРАНЕНИЕ И ДР. | |
| Место издания, распространения и т.д. | Москва |
| Имя издателя, распространителя и т. д. | РОСМЭН |
| Дата издания, распространения и т.д. | 2020 |
| 215 ## - ФИЗИЧЕСКАЯ ХАРАКТЕРИСТИКА | |
| Специфическое обозначение материала и объем | [14] л., разрезанных на 2 ч. |
| Другие сведения о физической характеристике | цв. ил. |
| Размеры | 18x24 |
| 225 1# - СЕРИЯ | |
| Основное заглавие серии | Смешные половинки |
| 333 ## - ПРИМЕЧАНИЯ ОБ ОСОБЕННОСТЯХ РАСПРОСТРАНЕНИЯ И ИСПОЛЬЗОВАНИЯ | |
| Текст примечания | 0+ |
| 686 0# - ИНДЕКСЫ ДРУГИХ КЛАССИФИКАЦИЙ | |
| Индекс | Ш9(2)60=Ук7-5 |
| 686 0# - ИНДЕКСЫ ДРУГИХ КЛАССИФИКАЦИЙ | |
| Индекс | Ш9(2)60=Р7-8 |
| 700 #1 - ИМЯ ЛИЦА - ПЕРВИЧНАЯ ОТВЕТСТВЕННОСТЬ | |
| Графика поля | Кириллица |
| Материалы, к которым относится поле | rus |
| Начальный элемент ввода | Федиенко |
| Часть имени, кроме начального элемента ввода | В. В. |
| Дополнения к именам, кроме дат | дет. писатель, педагог |
| Расширение инициалов личного имени | Василий Витальевич |
| Системный номер авторитетной/нормативной записи | 226965 |
| Идентификатор авторитетной/нормативной записи | RU\NLR\AUTH\770227021 |
| 702 #1 - ИМЯ ЛИЦА - ВТОРИЧНАЯ ОТВЕТСТВЕННОСТЬ | |
| Код отношения | Переводчик |
| Начальный элемент ввода | Симбирская |
| Часть имени, кроме начального элемента ввода | Ю. С. |
| Даты | 1977- |
| Расширение инициалов личного имени | Юлия Станиславовна |
| Идентификатор авторитетной/нормативной записи | RU\NLR\AUTH\770159797 |
| Системный номер авторитетной/нормативной записи | 159756 |
| 702 #1 - ИМЯ ЛИЦА - ВТОРИЧНАЯ ОТВЕТСТВЕННОСТЬ | |
| Код отношения | Карикатурист, Художник |
| Начальный элемент ввода | Ерёмина-Ношин |
| Часть имени, кроме начального элемента ввода | Л. В. |
| Дополнения к именам, кроме дат | художник |
| Даты | 1980- |
| Расширение инициалов личного имени | Любовь Владимировна |
| Системный номер авторитетной/нормативной записи | 132898 |
| Идентификатор авторитетной/нормативной записи | RU\NLR\AUTH\770132932 |
| 942 ## - ДОПОЛНИТЕЛЬНЫЕ ЭЛЕМЕНТЫ ЗАПИСИ (АБИС) | |
| Тип экземпляра АБИС | Книга |
| 980 ## - КОЛЛЕКЦИЯ | |
| Название коллекции | НБР |
| 980 ## - КОЛЛЕКЦИЯ | |
| Название коллекции | Национальная библиография |
Нет доступных экземпляров.